00659nam a22002057a 450000500170000001000130001702000230003003500130005303700160006604000120008208200170009410000180011124500890012926000430021827000570026130000250031850000190034365000340036265000570039620170124110158.0 aB-219974 c400.00a8170004195 aB-219974 bCen Lib/Ret aDPLbEN a025.432bSAT aSatija, M. P. aExercises in the 22nd edition of the Dewey decimal classification /cby M. P. Satija aNew Delhi bEss Ess Publicationsc2004 bNew Delhi e110002a4837/24, Ansari Road, Darya Ganj axvi,175p. c22cm(Hb) aIncludes index aClassification, Dewey decimal aClassification, Dewey decimal--Study and teachingv